• 首页
  • 本馆介绍
  • 公告通知
  • 最新文献
  • 馆藏检索
  • 电子资源
  • 读者导购
  • 参考咨询
  • 我的图书馆
  • 登录
  • 详细信息显示
  • 放入我的书架
  • 预约/预借图书
  • 作者相关作品
  • 分类相关作品
  • 丛书相关作品
  • 出版社相关作品

书目信息

  • 表格格式
  • 工作单格式
  • 卡片格式
题名:
科学学
    
 
作者: 关西普 , 汤步华
分册:  
出版信息: 杭州   浙江教育出版社  1985
页数: 232页
开本: 20cm
丛书名:
单 册:
中图分类: G301 , G30
科图分类:
主题词: 科学学--高等学校--教材 , 科学研究--理论
电子资源:
ISBN:
000 00741nam0 2200289 45
001 0185003167
005 20040505153649.9
010    @dCNY1.22
091    @a7346.269
100    @a19900816d1985 em y0chiy0121 ea
101 0  @achi
102    @aCN@b330000
105    @ay z 000yy
106    @ar
200 10 @a科学学@Ake xue xue@f关西普, 汤步华主编
210    @a杭州@c浙江教育出版社@d1985
215    @a232页@d20cm
300    @a高等学校试用教材
606    @a科学学@x高等学校@x教材
606 0  @a科学研究@x理论
690    @aG301@v3
690    @aG30
701  0 @a关西普@Aguan xi pu@c主编
701  0 @a汤步华@Atang bu hua@4主编
801  0 @aCN@b深圳图书馆@c20040505
801  2 @aCN@bNLC@c20040505
905    @f1@b155796@dG30@e35
    
    科学学/关西普, 汤步华主编.-杭州:浙江教育出版社,1985
    232页;20cm
    高等学校试用教材
    
    ISBN :CNY1.22
    
●
相关链接 在E读中查询图书 在五车中查询图书 在当当中查询图书 在豆瓣中查询图书


正题名:科学学     索取号:G30/35         预约/预借

序号 登录号 条形码 馆藏地/架位号 状态 备注
1 0155796   000988186   密集书库/ [索取号:G30/35] 在馆    
2 0155797   002059694   第一样本阅览室/ [索取号:G30/35] 在馆    
唐山师范学院图书馆 欢迎您!
大连网信软件有限公司© 版权所有